Flag quiz level 1 - Statistics

General Stats
  • This quiz has been taken 15 times
  • The average score is 14 of 16
Answer Stats
Picture Answer % Correct
United States of America
100%
Australia
92%
Brazil
92%
China
92%
France
92%
Germany
92%
Russia
92%
South Africa
92%
Turkey
92%
United Kingdom
92%
Finland
85%
Nigeria
85%
North Macedonia
85%
Romania
85%
Thailand
85%
Cambodia
77%
No matching quizzes found
Score Distribution
Percent of People with Each Score
Percentile by Number Answered
Your Score History
You have not taken this quiz